[Event "GER Cup Net V4 U2000"]
[Site "Playchess.com INT"]
[Date "2020.05.31"]
[Round "6"]
[White "Sauk, Peter"]
[Black "Weidenhoefer, Max"]
[Result "1-0"]
[WhiteElo "1892"]
[BlackElo "1794"]
[PlyCount "47"]
[EventDate "2020.05.31"]
[EventType "swiss (blitz)"]
[EventRounds "9"]
[EventCountry "GER"]
[SourceTitle "EXT 2021"]
[Source "ChessBase"]
[SourceDate "2020.10.23"]
[SourceVersion "1"]
[SourceVersionDate "2020.10.23"]
[SourceQuality "1"]

1. d4 f5 2. c4 Nf6 3. Nf3 e6 4. g3 d5 5. Bg2 Bd6 6. Nc3 c6 7. 0-0 0-0 8. Nd2 Bd7 9. f3 Be8 10. e4 fxe4 11. fxe4 Bh5 12. Qb3 dxe4 13. Ndxe4 Nxe4 14. Rxf8+ Qxf8 15. Nxe4 b6 16. Be3 Nd7 17. Rf1 Qe7 18. Bg5 Nf6 19. Bh3 Rf8 20. c5 bxc5 21. Qxe6+ Kh8 22. Nxd6 Qxe6 23. Bxe6 Rd8 24. dxc5 1-0

[Event "GER Cup Net V3 U2000"]
[Site "Playchess.com INT"]
[Date "2020.05.27"]
[Round "3"]
[White "Bittorf, Uwe"]
[Black "Sauk, Peter"]
[Result "0-1"]
[WhiteElo "1698"]
[BlackElo "1858"]
[PlyCount "124"]
[EventDate "2020.05.27"]
[EventType "swiss (blitz)"]
[EventRounds "9"]
[EventCountry "GER"]
[SourceTitle "EXT 2021"]
[Source "ChessBase"]
[SourceDate "2020.10.23"]
[SourceVersion "1"]
[SourceVersionDate "2020.10.23"]
[SourceQuality "1"]

1. e4 e6 2. d4 d5 3. exd5 exd5 4. Bd3 Nf6 5. Nf3 Bd6 6. 0-0 0-0 7. Bg5 Bg4 8. Nbd2 h6 9. Bh4 c6 10. c3 Nbd7 11. Qc2 Qc7 12. Rfe1 Rae8 13. Bg3 Bf4 14. Nh4 b6 15. Nf5 a5 16. Rac1 h5 17. b3 g6 18. Nh6+ Kg7 19. Nxg4 hxg4 20. Nf1 Nh5 21. Rcd1 f5 22. Rxe8 Rxe8 23. Bxf5 gxf5 24. Qxf5 Ndf6 25. Ne3 Bxg3 26. hxg3 Qf7 27. Nxg4 Nxg4 28. Qxg4+ Qg6 29. Qd7+ Kh6 30. c4 dxc4 31. bxc4 Re6 32. d5 Rd6 33. Qc8 cxd5 34. cxd5 Nf6 35. Qf8+ Kh7 36. Qxd6 Qg4 37. Re1 Kg6 38. Qe6 Qd4 39. d6 b5 40. Re4 Qd1+ 41. Kh2 Qh5+ 42. Kg1 Qd1+ 43. Re1 Qd4 44. g4 b4 45. Qe3 Qxd6 46. g5 Ng4 47. Qe4+ Kxg5 48. f3 Qh2+ 49. Kf1 Qh1+ 50. Ke2 Qxg2+ 51. Kd3 Nf2+ 52. Kd4 Nxe4 53. Rxe4 Qb2+ 54. Kd5 Qxa2+ 55. Kd6 Qd2+ 56. Kc5 Qc2+ 57. Kb5 Qxe4 58. fxe4 Kf4 59. Kxa5 b3 60. e5 Kxe5 61. Kb4 b2 62. Kc3 b1Q 0-1

[Event "GER Cup Net V3 U2000"]
[Site "Playchess.com INT"]
[Date "2020.05.27"]
[Round "7"]
[White "Lange, Stephan"]
[Black "Sauk, Peter"]
[Result "1/2-1/2"]
[WhiteElo "2325"]
[BlackElo "1902"]
[PlyCount "235"]
[EventDate "2020.05.27"]
[EventType "swiss (blitz)"]
[EventRounds "9"]
[EventCountry "GER"]
[SourceTitle "EXT 2021"]
[Source "ChessBase"]
[SourceDate "2020.10.23"]
[SourceVersion "1"]
[SourceVersionDate "2020.10.23"]
[SourceQuality "1"]

1. g3 f5 2. Nh3 d6 3. f3 Nf6 4. Nf2 g6 5. Bg2 Bg7 6. c3 0-0 7. 0-0 e5 8. d4 Nc6 9. e3 Bd7 10. Na3 a6 11. Nc2 Rc8 12. b3 Ne7 13. Bb2 Qe8 14. dxe5 dxe5 15. c4 Nc6 16. Qe2 Rd8 17. Rad1 Qe7 18. Ba3 Qe6 19. Bxf8 Bxf8 20. Rd2 Nb4 21. Nxb4 Bxb4 22. Rdd1 Re8 23. Kh1 Bc6 24. Nd3 Bf8 25. Nc1 Bh6 26. Qc2 e4 27. f4 Ng4 28. Qe2 Bg7 29. h3 Nf6 30. Rd2 Qe7 31. Rfd1 Qb4 32. Rd8 Kf7 33. Rxe8 Kxe8 34. Qd2 Qe7 35. Ne2 Nh5 36. Kh2 h6 37. Bf1 Bf6 38. Nd4 Bd7 39. Be2 Ng7 40. Nc2 c5 41. Qd5 Be6 42. Qd2 Bd7 43. a4 Bc6 44. Qd6 Ne6 45. Qxe7+ Kxe7 46. Kg2 Bc3 47. Kf2 Bf6 48. Kf1 Nc7 49. g4 Ne6 50. gxf5 gxf5 51. Bh5 Bh4 52. Bg6 Kf6 53. Bh5 Ke7 54. Ke2 Ng7 55. Bg6 Bf6 56. Rg1 Bh4 57. Bh7 Kf6 58. Rg6+ Kf7 59. Rxh6 Bf6 60. Rg6 Be8 61. Rg1 Ke6 62. Bg6 Bc6 63. Rh1 Bh4 64. Rg1 Kf6 65. Bh7 Be8 66. Bg8 Bh5+ 67. Kd2 Bf2 68. Rg2 Bh4 69. Bd5 b6 70. Bb7 a5 71. Ne1 Bf7 72. Bd5 Be8 73. Rg1 Bf2 74. Rf1 Bh4 75. Ng2 Bg3 76. Rh1 Nh5 77. Ke2 Kg7 78. Rg1 Kh6 79. Kd2 Bg6 80. Ne1 Bf2 81. Rg2 Bh4 82. Nc2 Ng3 83. Rg1 Bh5 84. Na3 Ne2 85. Rg8 Ng3 86. Rh8+ Kg6 87. Rb8 Nf1+ 88. Kc3 Nxe3 89. Rxb6+ Bf6+ 90. Kd2 Ng2 91. Kc1 Nxf4 92. Rb7 e3 93. Bf7+ Kg5 94. Bxh5 Kxh5 95. Rh7+ Kg6 96. Rd7 Bc3 97. Nc2 e2 98. Re7 Kf6 99. Re3 Bd4 100. Rf3 Kg5 101. Kd2 Be5 102. Ne1 Ne6 103. Nc2 Nf4 104. Ne1 Ne6 105. Nd3 Bd6 106. Re3 Nd4 107. Re8 f4 108. Ne1 f3 109. Ke3 Bg3 110. Nxf3+ Nxf3 111. Kxe2 Nd4+ 112. Kd3 Nxb3 113. Ra8 Be1 114. Rg8+ Kh4 115. Rh8+ Kg5 116. Rg8+ Kh4 117. Rh8+ Kg5 118. Rg8+ 1/2-1/2

[Event "GER Cup Net V3 U2000"]
[Site "Playchess.com INT"]
[Date "2020.05.27"]
[Round "4"]
[White "Rost, Detlef"]
[Black "Sauk, Peter"]
[Result "0-1"]
[WhiteElo "1715"]
[BlackElo "1868"]
[PlyCount "100"]
[EventDate "2020.05.27"]
[EventType "swiss (blitz)"]
[EventRounds "9"]
[EventCountry "GER"]
[SourceTitle "EXT 2021"]
[Source "ChessBase"]
[SourceDate "2020.10.23"]
[SourceVersion "1"]
[SourceVersionDate "2020.10.23"]
[SourceQuality "1"]

1. d4 f5 2. Bg5 Nf6 3. Bxf6 exf6 4. e3 Qe7 5. Bd3 f4 6. Qe2 fxe3 7. fxe3 g6 8. Nf3 Bg7 9. e4 Nc6 10. c3 d6 11. 0-0 Bg4 12. Nbd2 0-0-0 13. h3 Bxf3 14. Nxf3 d5 15. exd5 Qxe2 16. Bxe2 Rxd5 17. c4 Rdd8 18. d5 Nb4 19. Nd4 f5 20. Ne6 Rd7 21. a3 Nc2 22. Rab1 Nd4 23. Nxd4 Bxd4+ 24. Kh1 Re8 25. Bf3 Re3 26. Rfe1 Rde7 27. Rxe3 Rxe3 28. b3 Kd7 29. Rd1 Be5 30. Rb1 Bg3 31. Kg1 Kd6 32. Kf1 b6 33. Be2 Ke5 34. Rb2 h6 35. Rc2 Rxb3 36. Bf3 Kd4 37. Ke2 Re3+ 38. Kd2 Bf4 39. Kd1 Rxa3 40. c5 bxc5 41. d6 cxd6 42. Ke2 a5 43. g4 fxg4 44. Bxg4 g5 45. Bf5 c4 46. Be6 d5 47. Bf5 Re3+ 48. Kf2 a4 49. Rd2+ Ke5 50. Ra2 Kxf5 0-1

[Event "GER Cup Net V2 U2000"]
[Site "Playchess.com INT"]
[Date "2020.05.22"]
[Round "2"]
[White "Sauk, Peter"]
[Black "Radi, Guenter"]
[Result "1-0"]
[WhiteElo "1903"]
[BlackElo "1699"]
[PlyCount "71"]
[EventDate "2020.05.22"]
[EventType "swiss (blitz)"]
[EventRounds "9"]
[EventCountry "GER"]
[SourceTitle "EXT 2021"]
[Source "ChessBase"]
[SourceDate "2020.10.23"]
[SourceVersion "1"]
[SourceVersionDate "2020.10.23"]
[SourceQuality "1"]

1. d4 d5 2. c4 dxc4 3. e4 e6 4. Bxc4 Nf6 5. Nc3 Be7 6. f3 0-0 7. Be3 Nbd7 8. Nge2 c5 9. Qd2 a6 10. 0-0 b5 11. Bb3 c4 12. Bc2 Bb7 13. Nd1 h6 14. Nf2 Nh7 15. Ng4 f5 16. exf5 exf5 17. Nxh6+ gxh6 18. Bxh6 Bg5 19. Bxg5 Qxg5 20. Qxg5+ Nxg5 21. Nf4 Rae8 22. Rae1 Kf7 23. Bxf5 Rxe1 24. Rxe1 Nb6 25. h4 Kf6 26. Bg4 Kg7 27. Nh5+ Kg6 28. hxg5 Kxg5 29. Re5+ Kg6 30. Re6+ Kg5 31. Rxb6 Bxf3 32. gxf3 Rxf3 33. Bxf3 c3 34. bxc3 b4 35. cxb4 a5 36. bxa5 1-0

[Event "GER Cup Net V1 U2000"]
[Site "Playchess.com INT"]
[Date "2020.05.19"]
[Round "7"]
[White "Sauk, Peter"]
[Black "Schondorf, Andree"]
[Result "1-0"]
[WhiteElo "1882"]
[BlackElo "1721"]
[PlyCount "117"]
[EventDate "2020.05.19"]
[EventType "swiss (blitz)"]
[EventRounds "9"]
[EventCountry "GER"]
[SourceTitle "EXT 2021"]
[Source "ChessBase"]
[SourceDate "2020.10.23"]
[SourceVersion "1"]
[SourceVersionDate "2020.10.23"]
[SourceQuality "1"]

1. d4 d5 2. c4 e6 3. Nf3 Nf6 4. g3 b6 5. Bg2 Bb7 6. 0-0 Be7 7. Nbd2 0-0 8. b3 c5 9. Bb2 Nbd7 10. Rc1 Rc8 11. Re1 Re8 12. Qc2 Nf8 13. Qb1 Ng6 14. Red1 a6 15. Ne5 Nxe5 16. dxe5 Nd7 17. e4 d4 18. f4 Qc7 19. Nf3 Bc6 20. Ne1 Qb7 21. Qd3 Red8 22. Rd2 f6 23. exf6 Bxf6 24. e5 Be7 25. Bxc6 Qxc6 26. Nf3 Rf8 27. Rf1 b5 28. h3 Nb6 29. cxb5 axb5 30. Rc1 Qd7 31. Kh2 Nd5 32. a3 Qb7 33. Qe4 Qa6 34. Ne1 Ne3 35. Nd3 Rfd8 36. b4 Nc4 37. Rxc4 bxc4 38. Nxc5 Bxc5 39. bxc5 Rxc5 40. Rxd4 Rxd4 41. Qxd4 Rc8 42. h4 h6 43. Kh3 Qb7 44. a4 Qh1+ 45. Kg4 Qd5 46. Qb6 Qd1+ 47. Kh3 Qf1+ 48. Kg4 Qe2+ 49. Kh3 Qd3 50. Qxe6+ Kh7 51. Qxc8 Qf1+ 52. Kg4 Qe2+ 53. Kf5 Qxb2 54. Qxc4 Qb1+ 55. Qe4 Qa2 56. e6 Qb3 57. e7 Qf7+ 58. Kg4+ g6 59. e8Q 1-0

[Event "GER-ch Net Amateur Gr-B Final"]
[Site "Playchess.com INT"]
[Date "2020.04.18"]
[Round "3"]
[White "Feldmann, Bernd"]
[Black "Sauk, Peter"]
[Result "0-1"]
[WhiteElo "1796"]
[BlackElo "1935"]
[PlyCount "54"]
[EventDate "2020.04.18"]
[EventType "swiss (blitz)"]
[EventRounds "13"]
[EventCountry "GER"]
[SourceTitle "CBM 195 Extra"]
[Source "ChessBase"]
[SourceDate "2020.05.31"]
[SourceVersion "1"]
[SourceVersionDate "2020.05.31"]
[SourceQuality "1"]

1. d4 f5 2. Bg5 h6 3. Bh4 g5 4. Bg3 d6 5. e3 Nf6 6. Bd3 Bg7 7. f3 Nc6 8. c3 e6 9. Nd2 Qe7 10. Ne2 Bd7 11. Qb3 0-0-0 12. c4 Nh5 13. Bf2 e5 14. d5 Nb8 15. e4 Rhf8 16. Bxa7 Nf4 17. Nxf4 exf4 18. 0-0-0 Qf6 19. Rde1 Na6 20. exf5 b6 21. Bxb6 cxb6 22. Qxb6 Nc5 23. Bc2 Qd4 24. Qb4 Bxf5 25. Bxf5+ Rxf5 26. Ne4 Nd3+ 27. Kb1 Nxb4 0-1

[Event "GER-ch Net Amateur Gr-B Final"]
[Site "Playchess.com INT"]
[Date "2020.04.18"]
[Round "1"]
[White "Sauk, Peter"]
[Black "Fruth, David"]
[Result "1-0"]
[WhiteElo "1935"]
[BlackElo "1732"]
[PlyCount "49"]
[EventDate "2020.04.18"]
[EventType "swiss (blitz)"]
[EventRounds "13"]
[EventCountry "GER"]
[SourceTitle "CBM 195 Extra"]
[Source "ChessBase"]
[SourceDate "2020.05.31"]
[SourceVersion "1"]
[SourceVersionDate "2020.05.31"]
[SourceQuality "1"]

1. d4 Nf6 2. c4 g6 3. Nc3 Bg7 4. e4 d6 5. f3 0-0 6. Be3 Nbd7 7. Qd2 c5 8. d5 a6 9. Nge2 Rb8 10. g4 b5 11. Ng3 Qa5 12. h4 bxc4 13. Bxc4 Ne8 14. Rc1 Nc7 15. Bh6 Nb5 16. Bxg7 Kxg7 17. h5 Nxc3 18. bxc3 Qa3 19. hxg6 Nf6 20. Nf5+ Bxf5 21. gxf5 Rb2 22. Qh6+ Kg8 23. gxh7+ Kh8 24. Qxf8+ Ng8 25. hxg8Q# 1-0

[Event "GER-ch Net Amateur Gr-B Final"]
[Site "Playchess.com INT"]
[Date "2020.04.18"]
[Round "11"]
[White "Sauk, Peter"]
[Black "Mischke, Christian"]
[Result "1/2-1/2"]
[WhiteElo "1935"]
[BlackElo "1766"]
[PlyCount "120"]
[EventDate "2020.04.18"]
[EventType "swiss (blitz)"]
[EventRounds "13"]
[EventCountry "GER"]
[SourceTitle "CBM 195 Extra"]
[Source "ChessBase"]
[SourceDate "2020.05.31"]
[SourceVersion "1"]
[SourceVersionDate "2020.05.31"]
[SourceQuality "1"]

1. d4 Nf6 2. c4 e6 3. Nf3 d5 4. g3 c5 5. cxd5 Nxd5 6. Bg2 cxd4 7. Nxd4 Bc5 8. 0-0 Qb6 9. Nb3 Nf6 10. Nxc5 Qxc5 11. Nc3 Nc6 12. Be3 Qe7 13. Qa4 Bd7 14. Qb3 Na5 15. Qc2 Bc6 16. Ne4 Nxe4 17. Bxe4 Rc8 18. Rac1 f5 19. Bxc6+ Nxc6 20. Bc5 Qf6 21. Qb3 b6 22. Ba3 Kf7 23. Rfd1 Rhd8 24. Rxd8 Qxd8 25. Qf3 Ne7 26. Qh5+ Kg8 27. Qg5 Rxc1+ 28. Qxc1 Nd5 29. Qc6 Kf7 30. f3 Qc7 31. Qxc7+ Nxc7 32. Kf2 Nb5 33. Bb4 a5 34. Bd2 Nd6 35. b3 e5 36. Ke3 Ke6 37. Kd3 Kd5 38. Be3 e4+ 39. Kc3 b5 40. Bb6 a4 41. bxa4 bxa4 42. Kb4 Nc4 43. Bd8 Nd2 44. Kxa4 exf3 45. exf3 Nxf3 46. h4 h6 47. Ka5 g5 48. hxg5 hxg5 49. a4 f4 50. gxf4 gxf4 51. Bb6 Ne5 52. Bf2 Nc4+ 53. Kb5 f3 54. Kb4 Nd2 55. a5 Kc6 56. Be3 Ne4 57. a6 f2 58. a7 Kb7 59. Bxf2 Nxf2 60. a8Q+ Kxa8 1/2-1/2

[Event "GER-ch Net Amateur Gr-B Vor3"]
[Site "Playchess.com INT"]
[Date "2020.04.16"]
[Round "6"]
[White "Klemm, Robert"]
[Black "Sauk, Peter"]
[Result "0-1"]
[WhiteElo "1637"]
[BlackElo "1905"]
[PlyCount "140"]
[EventDate "2020.04.16"]
[EventType "swiss (blitz)"]
[EventRounds "9"]
[EventCountry "GER"]
[SourceTitle "CBM 195 Extra"]
[Source "ChessBase"]
[SourceDate "2020.05.31"]
[SourceVersion "1"]
[SourceVersionDate "2020.05.31"]
[SourceQuality "1"]

1. d4 f5 2. Nf3 d6 3. g3 Nf6 4. Bg2 g6 5. 0-0 Bg7 6. c4 0-0 7. b3 Qe8 8. Bb2 Nc6 9. Nbd2 h6 10. d5 Nd8 11. Nd4 a6 12. Re1 Rb8 13. e4 fxe4 14. Nxe4 Nxe4 15. Bxe4 Qf7 16. Qc2 g5 17. Bg6 Qf6 18. Rab1 e5 19. dxe6 Qe7 20. Nf5 Rxf5 21. Qxf5 Bxe6 22. Bh7+ Kh8 23. Qg6 Bxb2 24. Rxb2 Qg7 25. Qxg7+ Kxg7 26. Bb1 Bf7 27. Re7 Rc8 28. Bf5 Rb8 29. Rxc7 Kf6 30. Be4 b5 31. cxb5 axb5 32. Rd2 Rb6 33. Rd7 Ne6 34. R7xd6 Rxd6 35. Rxd6 Ke5 36. Rd7 Be8 37. Re7 Bh5 38. Bc6 Kd6 39. Be8 Kxe7 40. Bxh5 b4 41. Be2 Nd4 42. Bc4 Nf3+ 43. Kg2 Nd2 44. f4 Kf6 45. Kf2 Ne4+ 46. Kf3 Nc3 47. Kg4 Nxa2 48. fxg5+ hxg5 49. h4 gxh4 50. Kxh4 Nc3 51. Kh5 Ne4 52. g4 Ng5 53. Kh6 Nf3 54. Bd5 Ng5 55. Bc6 Nh3 56. Kh5 Ng5 57. Bg2 Nf7 58. Be4 Ng5 59. Bf5 Nf3 60. Kh6 Ng5 61. Kh5 Nh3 62. Kh4 Nf4 63. Kg3 Ne2+ 64. Kf3 Nd4+ 65. Kf4 Nxb3 66. g5+ Kg7 67. Bb1 Nd2 68. Bd3 b3 69. Kf5 b2 70. g6 Nf3 0-1

[Event "GER-ch Net Amateur Gr-B Vor3"]
[Site "Playchess.com INT"]
[Date "2020.04.16"]
[Round "4"]
[White "Sauk, Peter"]
[Black "Toepper, Olaf"]
[Result "1-0"]
[WhiteElo "1905"]
[BlackElo "1634"]
[PlyCount "91"]
[EventDate "2020.04.16"]
[EventType "swiss (blitz)"]
[EventRounds "9"]
[EventCountry "GER"]
[SourceTitle "CBM 195 Extra"]
[Source "ChessBase"]
[SourceDate "2020.05.31"]
[SourceVersion "1"]
[SourceVersionDate "2020.05.31"]
[SourceQuality "1"]

1. d4 Nf6 2. c4 c6 3. Nf3 d5 4. g3 e6 5. Bg2 dxc4 6. Nbd2 Be7 7. Nxc4 0-0 8. 0-0 Nbd7 9. b3 Nb6 10. Qc2 Nbd5 11. a3 Bd7 12. e4 Nb6 13. Bb2 Rc8 14. Rfd1 Nxc4 15. Qxc4 c5 16. Rac1 cxd4 17. Qxd4 Rxc1 18. Bxc1 Bc6 19. e5 Nd5 20. Qg4 Kh8 21. b4 a5 22. Nd4 Ba4 23. Rd2 axb4 24. Ne2 bxa3 25. Nf4 Nxf4 26. Rxd8 Rxd8 27. Qxf4 Rd1+ 28. Bf1 Bb5 29. Kg2 Bxf1+ 30. Kf3 Rd3+ 31. Kg4 Be2+ 32. Kh3 Bf1+ 33. Kg4 Be2+ 34. f3 Bxf3+ 35. Kh3 Be2 36. Qxf7 h5 37. Bxa3 Bg4+ 38. Kg2 Rd2+ 39. Kf1 Bh3+ 40. Ke1 Bxa3 41. Kxd2 Bb4+ 42. Kd3 Bf5+ 43. Kc4 Bd2 44. Qxh5+ Kg8 45. Qe8+ Kh7 46. h4 1-0

[Event "GER-ch Net Amateur Gr-B Vor3"]
[Site "Playchess.com INT"]
[Date "2020.04.16"]
[Round "7"]
[White "Sauk, Peter"]
[Black "Zhou, Lepu Coco"]
[Result "1-0"]
[WhiteElo "1905"]
[BlackElo "1716"]
[PlyCount "125"]
[EventDate "2020.04.16"]
[EventType "swiss (blitz)"]
[EventRounds "9"]
[EventCountry "GER"]
[SourceTitle "CBM 195 Extra"]
[Source "ChessBase"]
[SourceDate "2020.05.31"]
[SourceVersion "1"]
[SourceVersionDate "2020.05.31"]
[SourceQuality "1"]

1. d4 Nf6 2. c4 c5 3. Nf3 g6 4. g3 Bg7 5. Bg2 0-0 6. 0-0 d6 7. b3 cxd4 8. Nxd4 Nc6 9. Bb2 Nxd4 10. Qxd4 Bf5 11. Nc3 Rb8 12. Nd5 Ne8 13. Qd2 Bxb2 14. Qxb2 e6 15. Ne3 Qf6 16. Qxf6 Nxf6 17. Rad1 Rfd8 18. Rd2 Ne4 19. Bxe4 Bxe4 20. Rfd1 Kf8 21. Rxd6 Rxd6 22. Rxd6 Bb1 23. a3 Ba2 24. b4 Ke7 25. c5 Rd8 26. Rxd8 Kxd8 27. Nc2 Bc4 28. e3 e5 29. Kg2 Kc7 30. Kf3 f5 31. e4 Bd3 32. Ne3 Bxe4+ 33. Ke2 Bc6 34. Nc4 Bb5 35. Kd3 Kc6 36. Kc3 Bxc4 37. Kxc4 a6 38. a4 g5 39. b5+ axb5+ 40. axb5+ Kc7 41. Kd5 e4 42. Ke5 h6 43. Kxf5 Kd7 44. Kxe4 Ke6 45. c6 bxc6 46. bxc6 Kd6 47. c7 Kxc7 48. Kf5 Kd6 49. Kg6 Ke5 50. Kxh6 Kf5 51. h4 gxh4 52. gxh4 Kf6 53. h5 Kf7 54. f4 Kf6 55. f5 Kf7 56. Kh7 Kf8 57. Kg6 Kg8 58. Kf6 Kf8 59. h6 Kg8 60. Ke7 Kh8 61. f6 Kg8 62. f7+ Kh7 63. f8Q 1-0

[Event "GER-ch Net Amateur Gr-B Vor3"]
[Site "Playchess.com INT"]
[Date "2020.04.16"]
[Round "3"]
[White "Schneider, Birgit"]
[Black "Sauk, Peter"]
[Result "1/2-1/2"]
[WhiteElo "1690"]
[BlackElo "1905"]
[PlyCount "92"]
[EventDate "2020.04.16"]
[EventType "swiss (blitz)"]
[EventRounds "9"]
[EventCountry "GER"]
[SourceTitle "CBM 195 Extra"]
[Source "ChessBase"]
[SourceDate "2020.05.31"]
[SourceVersion "1"]
[SourceVersionDate "2020.05.31"]
[SourceQuality "1"]

1. e4 e6 2. d4 d5 3. exd5 exd5 4. c4 Nf6 5. Nc3 Bb4 6. Nf3 0-0 7. Be2 Bg4 8. 0-0 c6 9. cxd5 Nxd5 10. Bd2 Nd7 11. Nxd5 Bxd2 12. Qxd2 cxd5 13. Rac1 Nf6 14. Ne5 Bxe2 15. Qxe2 Re8 16. Qb5 b6 17. b3 Rc8 18. h3 Ne4 19. Qa6 f6 20. Nf3 Qd7 21. Rfd1 h6 22. Qd3 a5 23. Qa6 Rb8 24. Rc2 Rec8 25. Rdc1 Nd6 26. Qd3 b5 27. Qg6 Qf7 28. Qd3 Qb7 29. Qg6 Ne4 30. Qf5 Nd6 31. Qe6+ Kh7 32. Qxd6 a4 33. Rxc8 Rxc8 34. Rxc8 Qxc8 35. Qxd5 a3 36. Qe4+ f5 37. Qe5 b4 38. Nh4 g6 39. Qe7+ Kg8 40. Nxg6 f4 41. Nxf4 Qc1+ 42. Kh2 Qxf4+ 43. Kg1 Qc1+ 44. Kh2 Qf4+ 45. Kg1 Qc1+ 46. Kh2 Qf4+ 1/2-1/2

[Event "NRW U25 op"]
[Site "Olpe"]
[Date "2005.10.03"]
[Round "5.1"]
[White "Sauk, Peter"]
[Black "Albers, Damian"]
[Result "1/2-1/2"]
[WhiteElo "1778"]
[BlackElo "1974"]
[PlyCount "26"]
[EventDate "2005.10.01"]
[EventType "swiss"]
[EventRounds "7"]
[EventCountry "GER"]
[SourceTitle "CBM 108 Extra"]
[Source "ChessBase"]
[SourceDate "2005.11.04"]
[SourceVersion "1"]
[SourceVersionDate "2005.11.04"]
[SourceQuality "1"]

1. c4 e5 2. g3 f5 3. d3 Nf6 4. Bg2 Bb4+ 5. Bd2 Qe7 6. a3 Bxd2+ 7. Nxd2 c6 8. Ngf3 d5 9. 0-0 0-0 10. b4 Kh8 11. Rc1 a5 12. cxd5 cxd5 13. Qb3 axb4 1/2-1/2

[Event "NRW U25 op"]
[Site "Olpe"]
[Date "2005.10.02"]
[Round "4.1"]
[White "Sauk, Peter"]
[Black "Haecker, Alexander"]
[Result "1-0"]
[WhiteElo "1778"]
[BlackElo "2191"]
[PlyCount "115"]
[EventDate "2005.10.01"]
[EventType "swiss"]
[EventRounds "7"]
[EventCountry "GER"]
[SourceTitle "CBM 108 Extra"]
[Source "ChessBase"]
[SourceDate "2005.11.04"]
[SourceVersion "1"]
[SourceVersionDate "2005.11.04"]
[SourceQuality "1"]

1. d4 d5 2. c4 e6 3. Nc3 c6 4. Nf3 dxc4 5. e3 b5 6. a4 Bb4 7. Bd2 Bb7 8. Be2 a6 9. 0-0 Nf6 10. e4 Bxc3 11. bxc3 Nxe4 12. Qc2 Nxd2 13. Nxd2 Nd7 14. Ne4 Qe7 15. Rfb1 Rb8 16. Bf3 0-0 17. g3 e5 18. Bg2 f5 19. Nd2 exd4 20. cxd4 Nb6 21. a5 Nd7 22. Re1 Qd6 23. Rad1 Qb4 24. Ra1 g6 25. Rab1 Qd6 26. Qc3 Nf6 27. Re5 Rfd8 28. Nf3 Ne4 29. Qe3 Re8 30. Re1 Rbd8 31. Qh6 Qf8 32. Qf4 b4 33. Bf1 c3 34. Bc4+ Kh8 35. Bb3 Rxe5 36. Nxe5 Kg7 37. h4 Nd2 38. Be6 Rd6 39. Nd7 Rxd7 40. Bxd7 b3 41. Re8 Qf6 42. Be6 Nf3+ 43. Kh1 g5 44. Qxf3 c2 45. Qe3 c5+ 46. Kh2 h6 47. Bxb3 gxh4 48. Re7+ Kg6 49. Rxb7 hxg3+ 50. fxg3 cxd4 51. Qe8+ Kg5 52. Bxc2 f4 53. Qg8+ Kh5 54. Bd1+ f3 55. Rf7 Qg6 56. Bxf3+ Kg5 57. Qxg6+ Kxg6 58. Ra7 1-0